| 000 | 00618nam a2200193 i 4500 | ||
|---|---|---|---|
| 001 | 70066 | ||
| 003 | ES-MaACL | ||
| 005 | 20240219213318.0 | ||
| 007 | t| | ||
| 008 | 040716s1954 sp ||||1| spa d | ||
| 100 | 1 |
_aGarcía-Morato y Castaño, Joaquín. _954994 |
|
| 245 | 1 | 0 |
_aGuerra en el aire / _cJoaquín García Morato ; prólogo del Caudillo. |
| 250 | _a2ª ed. | ||
| 260 |
_aMadrid : _bEditora Nacional, _c1954 ( _fEstados) |
||
| 300 |
_a239 p., 31 lám. ; _c22 cm. |
||
| 700 | 1 |
_aFranco Bahamonde, Francisco, _d1892-1975 _952240 |
|
| 852 |
_aES-MaACL _jC-51915 _bR.85670 |
||
| 999 |
_c70066 _d70066 |
||